Prúdnička Cyrila Kováčika

Bibliographic Details
Format: Article
Language:Slovak
PhysicalDescription:Fotogr.
Subjects:

MARC

LEADER 00000nab a2200000 a 4500
001 vtls011292787
003 SK-MaSNL
005 20260305032012.0
008 151116 2015 xo q 000 0 slo
038 |a PPPK 
040 |a PPPKCL  |b slo  |c PPPK  |e AACR2 
041 0 |a slo 
044 |a xo  |c SK 
080 |a 614.842.83  |2 2001 
080 |a 316.346.32-053.2  |2 2001 
245 0 0 |a Prúdnička Cyrila Kováčika 
300 |b Fotogr. 
500 |a Autor a fotograf článku nie sú uvedení. 
611 2 7 |a Prúdnička Cyrila Kováčika  |n (17. :  |d 2015 :  |c Spišská Belá, Slovensko)  |2 pppkcl  |9 1610787 
650 0 7 |a hasičské zbory  |2 pppkcl  |9 74452 
650 0 7 |a deti  |2 pppkcl  |9 773 
650 0 7 |a hasičské súťaže  |2 pppkcl  |9 1098141 
651 7 |a Spišská Belá (Slovensko)  |2 pppkcl  |9 16198 
651 7 |a Kežmarok (Slovensko : okres)  |2 pppkcl  |9 51824 
773 0 |t Spišskobeliansky spravodaj  |g Roč. 13, č. 9 (2015), s. 27 
852 |a PPPK  |b KIS3GCP 
999 |c 3318331  |d 3320261